कशासाठी पोटासाठी (Record no. 338146)

MARC details
000 -LEADER
fixed length control field 00587nam a2200169Ia 4500
008 - FIXED-LENGTH DATA ELEMENTS--GENERAL INFORMATION
fixed length control field 090711s9999 xx 000 0 und d
082 ## - DEWEY DECIMAL CLASSIFICATION NUMBER
Item number 1140
100 ## - MAIN ENTRY--PERSONAL NAME
Personal name लागू िSतांामणी
245 ## - TITLE STATEMENT
Title कशासाठी पोटासाठी
260 ## - PUBLICATION, DISTRIBUTION, ETC. (IMPRINT)
Name of publisher, distributor, etc वसंत बुक स्टॉल
Date of publication, distribution, etc 2000
300 ## - PHYSICAL DESCRIPTION
Extent 143
600 ## - SUBJECT ADDED ENTRY--PERSONAL NAME
Personal name लागू िSतांामणी
630 ## - SUBJECT ADDED ENTRY--UNIFORM TITLE
Uniform title कशासाठी पोटासाठी
700 ## - ADDED ENTRY--PERSONAL NAME
Personal name लागू िSतांामणी
730 ## - ADDED ENTRY--UNIFORM TITLE
Uniform title कशासाठी पोटासाठी
942 ## - ADDED ENTRY ELEMENTS (KOHA)
Koha item type Book

No items available.